000 00363nam a2200157Ia 4500
003 OSt
005 20240208153548.0
008 170524s9999 xx 000 0 und d
020 _a0195683595
040 _cIIMT UNIVERSITY
100 _aAGARWALA TANUJA
100 _c2012
245 0 _aSTRATEGIC HUMAN RESOURCE MANAGEMENT
260 _aOXFORD
942 _2ddc
_c02
999 _c2791
_d2791